000 00517nam a2200205 a 4500
999 _c576
_d576
008 190920s2016 xxka|||g |||| 00| 1 eng d
020 _a9781909531611
_cRs 293.00
040 _aKO
_beng
041 0 _aeng
044 _axxk
082 0 4 _223
_a823.92
_bZ89
100 1 _aZusak, Markus
245 1 0 _aThe Book Thief /
_cMarkus Zusak
260 _aLondon :
_bPenguin Random House,
_c2005
300 _a583 p. :
_bill. ;
_c20 cm.
650 0 _aFiction
_xHistorical fiction
904 _aS_JOY
942 _cBK